00631nam a2200181 i 4500001000300000100001800003245007800021260002100099040000800120041000800128942000700136008004100143999001500184856009700199952005100296952005100347952005100398bg1 aKRAKOWIAK, S. 0aProjektowanie wiejskich sieci i instalacji elektrycznych /cS. Krakowiak. aWarszawa,c1967. cBPK apol cKS s pl f |000 0 pol  c4770d4770 uhttp://koha.tu.koszalin.pl/cgi-bin/koha/opac-detail.pl?biblionumber=4770yKatalog online BPK 00104070aBPKbBPKcwoP 42177p02009490yKS 00104070aBPKbBPKcwoP 42178p02009506yKS 00104070aBPKbBPKcwoP 42179p02009513yKS